Statistics for Biggest Cities in the Southern Hemisphere

Click here to take the quiz!

General Stats

  • This quiz has been taken 26,477 times
    (18,021 since last reset)
  • The average score is 12 of 20

Answer Stats

Population City % Correct
5.30 milSydney
97%
13.2 milRio de Janeiro
94%
16.4 milBuenos Aires
91%
13.9 milJohannesburg
89%
22.4 milSão Paulo
86%
4.98 milMelbourne
85%
31.3 milJakarta
84%
7.25 milSantiago
84%
4.23 milCape Town
84%
10.1 milLima
76%
4.00 milBrasília
63%
12.4 milKinshasa
62%
5.90 milNairobi
56%
8.15 milLuanda
45%
6.45 milDar es Salaam
44%
5.00 milBelo Horizonte
35%
3.85 milRecife
25%
4.13 milPorto Alegre
21%
6.10 milSurabaya
15%
6.95 milBandung
14%

Score Distribution

Percentile by Number Answered

Percent of People with Each Score

Your Score History

You have not taken this quiz since the last reset